000 00399nam a2200121Ia 4500
008 250110s9999 xx 000 0 und d
041 _aeng
100 _aNagarkar Sneha.
_9209003
245 _aStudying The Impacts Of Simultaneous Use Of Bus And Metro On A Stretch Of Pune City.
260 _bBnca M Arch Environment Architecture., Pune
_c2018
300 _a44p
700 _aGuide Name: Nawale Rahul
999 _c364255
_d364255